Norway, post report.

Bibliographic Details
Corporate Author: United States. Department of State
Format: Government Document Book
Language:English
Published: Washington, D.C. : U.S. Dept. of State : 1985.
Edition:Rev. Sept. 1985.
Series:Department of State publication ; 9178.
Department of State publication. Department and Foreign Service series ; 227.
Subjects:

MARC

Tag First Indicator Second Indicator Subfields
LEADER 00000cam a2200000 a 4500
001 in00000856439
005 20151019072000.0
008 851011s1985 dcuab b f00000 eng d
010 |a gp 86001506  
020 |c $1.00 
035 |a (OCoLC)12678744 
035 |9 AED7710AM 
040 |a GPO  |c GPO  |d UtOrBLW 
043 |a e-no---  |a n-us--- 
074 |a 869-C 
086 0 |a S 1.127:N 83/985 
245 0 0 |a Norway, post report. 
250 |a Rev. Sept. 1985. 
264 1 |a Washington, D.C. :  |b U.S. Dept. of State :  |c 1985. 
264 2 |a Washington, D.C. :  |b For sale by the Supt. of Docs., U.S. G.P.O., 
300 |a 19 pages :  |b illustrations, 1 map ;  |c 28 cm. 
336 |a text  |b txt  |2 rdacontent 
337 |a unmediated  |b n  |2 rdamedia 
338 |a volume  |b nc  |2 rdacarrier 
490 1 |a Department of State publication ;  |v 9178.  |a Department and Foreign Service series ;  |v 227 
500 |a Cover title. 
500 |a Shipping list number 85-932-P. 
500 |a "September 1985." 
504 |a Bibliography: pages 18-19. 
651 0 |a Norway  |x Description and travel. 
650 0 |a Diplomatic and consular service, American  |z Norway. 
710 1 |a United States.  |b Department of State. 
830 0 |a Department of State publication ;  |v 9178. 
830 0 |a Department of State publication.  |p Department and Foreign Service series ;  |v 227. 
999 |a MARS 
999 f f |s bcc17d2c-41a4-3950-8c72-38f38ebab6c9  |i da5872f6-9030-3a99-bacc-849e4edec6aa  |t 0 
952 f f |p normal  |a Texas A&M University  |b College Station  |c Sterling C. Evans Library  |d Evans: US Documents (Annex 5th floor)  |t 0  |e S 1.127:N 83/985  |h Superintendent of Documents classification  |i unmediated -- volume  |m A14812433290 
998 f f |a S 1.127:N 83/985  |t 0  |l Evans: US Documents (Annex 5th floor)